Mates típicos

Guardado en:
Detalles Bibliográficos
Autor principal: Crusi Moré, Ramón (Autor)
Formato: Libro
Lenguaje:español
Publicado: Barcelona Paidotribo 2008
Edición:1a. ed
Materias:
Etiquetas: Agregar Etiqueta
Sin Etiquetas, Sea el primero en etiquetar este registro!

MARC

LEADER 00000nam a2200000 a 4500
001 UCG3402
003 CL-VaPUC
008 100826e20080000SP |||||||||||||||||spa|d
020 |a 9788480190435 
082 0 4 |a 794  |b CRU  |2 21 
100 |a Crusi Moré, Ramón  |e author  |9 552518 
245 1 0 |a Mates típicos 
250 |a 1a. ed 
300 |a 117 p 
942 |c BK 
945 |d 20100826 00:00:00  |a mfarfan 
260 |a Barcelona  |b Paidotribo  |c 2008 
650 0 |a Ajedrez  |9 333081 
650 7 |a TABLEROS  |2 CL-VaPUC  |9 542651 
650 7 |a JUEGOS DE ESTRATEGIA  |2 CL-VaPUC  |9 428778 
650 7 |a ENTRETENIMIENTO  |2 CL-VaPUC  |9 539343 
583 |a last modification  |c 20100826 00:00:00  |k Rodrigo Vera 
999 |c 342470  |d 342468 
952 |0 0  |1 0  |4 0  |6 794_000000000000000_CRU_2008  |7 0  |8 C  |9 438679  |a BIBCUR  |b BIBCUR  |d 2019-11-22  |i 4712595  |l 1  |o 794 CRU 2008  |p 4712595  |r 2025-04-22  |s 2022-03-22  |w 2019-11-22  |y BK  |k DEN